Vinculos familiares: (Record no. 190286)

MARC details
000 -CABECERA
campo de control de longitud fija 01803cab a2200301 ab4500
005 - FECHA Y HORA DE LA ÚLTIMA TRANSACCIÓN
campo de control 20231106135227.0
008 - ELEMENTOS DE LONGITUD FIJA--INFORMACIÓN GENERAL
campo de control de longitud fija 991125c2016 ck fr p o 000 0 spa d
035 ## - NÚMERO DE CONTROL DEL SISTEMA
Número de control de sistema UPN01000218186
040 ## - FUENTE DE LA CATALOGACIÓN
Centro catalogador/agencia de origen MX-MxUPN
Lengua de catalogación spa
Centro/agencia transcriptor MX-MxUPN
Normas de descripción aacr2
049 ## - COLECCIÓN
Colección ART-E
100 1# - ASIENTO PRINCIPAL--NOMBRE PERSONAL
Nombre de persona Echavarría Molsalve, Jazmín Andrea
100 1# - ASIENTO PRINCIPAL--NOMBRE PERSONAL
Nombre de persona Bohórquez Pérez, Leydy Johana
100 1# - ASIENTO PRINCIPAL--NOMBRE PERSONAL
Nombre de persona Moreno Rodríguez, Yeicy
100 1# - ASIENTO PRINCIPAL--NOMBRE PERSONAL
Nombre de persona Ortiz Gómez, Deysy
100 1# - ASIENTO PRINCIPAL--NOMBRE PERSONAL
Nombre de persona Rodríguez Bustamante, Alexander
245 10 - MENCIÓN DE TÍTULO
Título Vinculos familiares:
Resto del título dinámica relacional influyente en la personalidad del niño
Medio [recurso electrónico en línea]
506 0# - NOTA DE RESTRICCIONES AL ACCESO
Limitaciones de acceso Acceso abierto
520 3# - NOTA DE RESUMEN, ETC.
Sumario, etc. El presente texto de reflexión se ha originado a partir de las voces de autores que han hecho una reflexión académica relacionada con los vínculos, la dinámica y la personalidad del niño, y que dan cuenta del papel que juega la familia en la construcción identitaria del mismo, permitiéndole al lector reinventar su manera de leer el contexto de la diada vínculo familiar-personalidad, en el que se entiende al niño, como un ser en pleno desarrollo e influenciable por el otro u otros, y capaz de resignificar su entorno mediante la interacción social, donde aparece el proceso comunicativo como un elemento determinante en las dinámicas que atraviesa la psique y pone en juego la construcción de la personalidad. Poiesis
653 0# - TERMINO DE INDIZACION - NO CONTROLADO
Término no controlado Dinámica familiar
653 0# - TERMINO DE INDIZACION - NO CONTROLADO
Término no controlado Personalidad del niño
653 0# - TERMINO DE INDIZACION - NO CONTROLADO
Término no controlado Interacción social
653 0# - TERMINO DE INDIZACION - NO CONTROLADO
Término no controlado Comunicación
773 ## - ENLACE AL DOCUMENTO FUENTE/ENTRADA DE REGISTRO ANFITRIÓN
Parte(s) relacionada(s) No. 30 (2016), p. 138-144
Título Poiesis: revista electrónica de psicología social
Número Internacional Normalizado para Publicaciones Seriadas 1692-0945
856 4# - LOCALIZACIÓN Y ACCESO ELECTRÓNICOS
Identificador Uniforme del Recurso <a href="http://www.funlam.edu.co/revistas/index.php/poiesis/article/view/1863/1488">http://www.funlam.edu.co/revistas/index.php/poiesis/article/view/1863/1488</a>
902 ## - ELEMENTOS DE DATOS B LOCAL, LDB (RLIN)
Modificó Leonor Sotres/061123
905 ## - TIPO DE MATERIAL
Tipo de material Articulo
942 ## - ELEMENTOS DE PUNTO DE ACCESO ADICIONAL (KOHA)
Tipo de ítem Koha Artículo Electrónico
Holdings
Estado de retiro Estado de pérdida Estado dañado No para préstamo Código de colección Localización permanente Ubicación/localización actual Ubicación en estantería Fecha de adquisición Total de préstamos Fecha visto por última vez Identificador Uniforme del Recurso Precio válido a partir de Tipo de ítem Koha
        Acceso abierto Bib. Gregorio Torres Quintero Bib. Gregorio Torres Quintero En línea 06/11/2023   06/11/2023 http://www.funlam.edu.co/revistas/index.php/poiesis/article/view/1863/1488 06/11/2023 Artículo Electrónico